Statistics for All NFL Teams

Click here to take the quiz!

General Stats

  • This quiz has been taken 26 times
  • The average score is 28 of 32

Answer Stats

HintTeam% Correct
NFC WestLos Angeles Rams
96%
AFC EastMiami Dolphins
96%
AFC EastNew England Patriots
96%
NFC EastPhiladelphia Eagles
96%
NFC EastDallas Cowboys
91%
AFC SouthJacksonville Jaguars
91%
AFC WestKansas City Chiefs
91%
NFC SouthNew Orleans Saints
91%
AFC EastNew York Jets
91%
AFC NorthPittsburgh Steelers
91%
NFC WestSan Francisco 49ers
91%
NFC EastWashington Redskins
91%
AFC EastBuffalo Bills
87%
NFC NorthChicago Bears
87%
NFC NorthGreen Bay Packers
87%
AFC SouthIndianapolis Colts
87%
NFC NorthMinnesota Vikings
87%
NFC EastNew York Giants
87%
AFC WestOakland Raiders
87%
NFC SouthAtlanta Falcons
83%
AFC NorthBaltimore Ravens
83%
NFC SouthCarolina Panthers
83%
AFC NorthCincinnati Bengals
83%
AFC WestDenver Broncos
83%
NFC NorthDetroit Lions
83%
AFC WestLos Angeles Chargers
83%
NFC WestSeattle Seahawks
83%
NFC WestArizona Cardinals
78%
AFC SouthHouston Texans
78%
NFC SouthTampa Bay Buccaneers
78%
AFC SouthTennessee Titans
78%
AFC NorthCleveland Browns
74%

Score Distribution

Percentile by Number Answered

Percent of People with Each Score

Your Score History

You have not taken this quiz